000 00530nam a2200205Ia 4500
003 OSt
005 20241129144547.0
008 210716s1989 xx 000 0 und d
020 _a0380711044
040 _cAIMIT LIBRARY
041 _aeng
082 _a808.83
_21
_bCASJ
100 _aCasey, John.
_9187267
245 _aSpartina /
_cBy John Casey.
250 _a1st ed.
260 _aNew York :
_bAvon Books ;
_c1989.
300 _a375p. ;
_bPB
_c20 cm.
650 _aNovels
_9187268
942 _2ddc
_cBK
_e1st ed.
_k808.83 CASJ
999 _c200242
_d200242